Strategic operations management / (Record no. 343048)

000 -LEADER
fixed length control field 02773 a2200397 4500
020 ## - INTERNATIONAL STANDARD BOOK NUMBER
International Standard Book Number 0750642572
020 ## - INTERNATIONAL STANDARD BOOK NUMBER
International Standard Book Number 9780750642576
082 04 - DEWEY DECIMAL CLASSIFICATION NUMBER
Classification number 658
090 ## - LOCALLY ASSIGNED LC-TYPE CALL NUMBER (OCLC); LOCAL CALL NUMBER (RLIN)
-- 489
-- 489
100 1# - MAIN ENTRY--PERSONAL NAME
Personal name Brown, Steve.
245 10 - TITLE STATEMENT
Title Strategic operations management /
Statement of responsibility, etc. Steve Brown.
260 ## - PUBLICATION, DISTRIBUTION, ETC.
Place of publication, distribution, etc. [S.l.] :
Name of publisher, distributor, etc. Butterworth-Heinemann,
Date of publication, distribution, etc. 2000.
300 ## - PHYSICAL DESCRIPTION
Extent 296 p. ;
Dimensions 25 cm.
500 ## - GENERAL NOTE
General note Paperback.
520 ## - SUMMARY, ETC.
Summary, etc. 'Strategic Operations Management' examines the latest thinking in this fast-moving area. Businesses constantly face ongoing and increased amounts of competition. Coping with this competition demands that strategies must be already in place which can deal with key questions such as: * what business is the firm really in? * what does the firm do best, and why, where, and how can it outsource some of its activities? * how can opportunities become quickly exploited and how can the firm's capabilities help to ward off external threats from new and existing players? This text believes that successful operations management depends on having strategies in place which combine both manufacturing and service areas into an overall customer offering. This means that strategic relations must be established with other players - operations management is no longer a firm-specific matter. 'Strategic Operations Management' combines four themes; strategy, services, innovation and management of relationships both in the supply chain and with other players. This is done by dividing chapters into a past/present/future scenario approach which illustrates how these strategies affect business. Strong team of writers of international standing Content is thought provoking and challenging - excellent in terms of stimulating debates New issues explored as well as old - contrasting mass production versus mass customisation and innovation.
650 #4 - SUBJECT ADDED ENTRY--TOPICAL TERM
Topical term or geographic name entry element Business/Economics.
650 #4 - SUBJECT ADDED ENTRY--TOPICAL TERM
Topical term or geographic name entry element Management & Business: General.
650 #4 - SUBJECT ADDED ENTRY--TOPICAL TERM
Topical term or geographic name entry element Business strategy.
650 #4 - SUBJECT ADDED ENTRY--TOPICAL TERM
Topical term or geographic name entry element Management of specific areas.
650 #4 - SUBJECT ADDED ENTRY--TOPICAL TERM
Topical term or geographic name entry element Production & quality control management.
650 #4 - SUBJECT ADDED ENTRY--TOPICAL TERM
Topical term or geographic name entry element Business / Economics / Finance.
650 #4 - SUBJECT ADDED ENTRY--TOPICAL TERM
Topical term or geographic name entry element Business & Economics.
650 #4 - SUBJECT ADDED ENTRY--TOPICAL TERM
Topical term or geographic name entry element Business & Economics / Management.
650 #4 - SUBJECT ADDED ENTRY--TOPICAL TERM
Topical term or geographic name entry element Business & Economics / Production & Operations Management.
650 #4 - SUBJECT ADDED ENTRY--TOPICAL TERM
Topical term or geographic name entry element Entrepreneurship.
650 #4 - SUBJECT ADDED ENTRY--TOPICAL TERM
Topical term or geographic name entry element Management - General.
650 #4 - SUBJECT ADDED ENTRY--TOPICAL TERM
Topical term or geographic name entry element Production & Operations Management.
650 #4 - SUBJECT ADDED ENTRY--TOPICAL TERM
Topical term or geographic name entry element Production management.
650 #4 - SUBJECT ADDED ENTRY--TOPICAL TERM
Topical term or geographic name entry element Strategic planning.
700 1# - ADDED ENTRY--PERSONAL NAME
Personal name Lamming, Richard.
700 1# - ADDED ENTRY--PERSONAL NAME
Personal name Bessant, John.
700 1# - ADDED ENTRY--PERSONAL NAME
Personal name Jones, Peter.
856 40 - ELECTRONIC LOCATION AND ACCESS
Materials specified Amazon.com
Uniform Resource Identifier <a href="http://www.amazon.com/exec/obidos/ASIN/0750642572/chopaconline-20">http://www.amazon.com/exec/obidos/ASIN/0750642572/chopaconline-20</a>
856 40 - ELECTRONIC LOCATION AND ACCESS
Materials specified Amazon customer reviews
Uniform Resource Identifier <a href="http://www.chopac.org/cgi-bin/tools/azrev.pl?q=0750642572">http://www.chopac.org/cgi-bin/tools/azrev.pl?q=0750642572</a>
942 ## - ADDED ENTRY ELEMENTS (KOHA)
Institution code [OBSOLETE] NBS
Koha item type Book
Call number prefix 658.5 BRO
Holdings
Withdrawn status Lost status Damaged status Not for loan Permanent Location Current Location Date acquired Total Checkouts Full call number Barcode Date last seen Price effective from Koha item type
        Central Library (CL) Central Library (CL) 08/28/2013   658.5 BRO NBS4643 07/20/2017 08/28/2013 Book
© 2023 Central Library, National University of Sciences and Technology. All Rights Reserved.